000 00810nam a2200241 a 4500
003 OSt
005 20131106180651.0
008 131106s2003 sz ||||| |||| 00| 0 spa d
020 _a92-4-354627-9
040 _cBiblioteca Medicina
041 _aspa
082 _aOMS SB 293
110 _aOrganizacion Mundial de la Salud
_91006
245 0 0 _aDirectrices de la OMS, buenas practicas agricolas y de recoleccion (BPAR) de plantas medicinales
250 _a1° ed.
260 _aGinebra
_bOrganizacion Mundial de la Salud
_c2003
300 _a79 p.
653 _aPLANTAS MEDICINALES-CRECIMIENTO Y DESARROLLO
653 _aAGRICULTURA-NORMAS
653 _aCONTROL DE CALIDAD
942 _2ddc
_cPH
999 _c2024
_d2024
952 _pH0275
_40
_00
_bBFM
_10
_oOMS SB 293
_d2013-11-06
_tEj. 1
_8NFIC
_70
_cCR
_2ddc
_yPH
_aBFM